000 00682nam a22002537a 4500
003 UA-OsUOA
001 22914
007 ta
008 20040128b un ||||| |||| 00| 0 ukr d
100 _aМоисеев Н. Н.
090 _a32
_bМ74
942 _cBK
040 _aUA-OsUOA
_brus
_cUA-OsUOA
_dUA-OsUOA
245 _aРазмышления о современной политологии
_bполитические науки: новые проблемы
300 _a216 с.
955 _a1
041 _arus
080 _a32
020 _a5-7383-013-7
260 _aМ.
_bМНЭПУ
_c2000
044 _aRU
650 7 _a32 Політика
_2UDC
999 _c309146
_d309146